[Event "AUTO-ELITE-232"]
[Site "http://www.queenalice.com/game.php?id=602425"]
[Date "2009.6.12"]
[Round "2"]
[White "BRUTUS"]
[Black "Donidon"]
[Result "1-0"]
[WhiteElo "2378"]
[BlackElo "2360"]

1. c4 e5 2. Nc3 Nf6 3. g3 d5 4. cxd5 Nxd5 5. Bg2 c6 6. Nf3 Bd6 7. O-O O-O 8. d4
Nxc3 9. bxc3 exd4 10. Nxd4 Na6 11. e4 Nc5 12. Qc2 Bg4 13. Be3 Qc7 14. Nf5 Bxf5
15. exf5 Rfe8 16. Rab1 Rad8 17. Rfd1 b6 18. Re1 Be7 19. Re2 Qc8 20. Rbe1 Bf8 21.
h3 Kh8 22. g4 Qc7 23. Bd4 Qd7 24. Rxe8 Rxe8 25. Rxe8 Qxe8 26. Kf1 h6 27. Qe2 Qc8
28. Bf3 Kg8 29. Kg2 Bd6 30. Qd2 Bf8 31. Be5 Nd7 32. Bd6 h5 33. g5 f6 34. g6 Bxd6
35. Qxd6 Ne5 36. Bxh5 Qf8 37. Qc7 b5 38. f4 Nc4 39. Qxc6 1-0

[Event "QA-ANNIV-05"]
[Site "http://www.queenalice.com/game.php?id=604282"]
[Date "2009.6.15"]
[Round "1"]
[White "Mick_Gray"]
[Black "BRUTUS"]
[Result "0-1"]
[WhiteElo "1787"]
[BlackElo "2377"]

1. d4 Nf6 2. Bg5 Ne4 3. Nf3 Nxg5 4. Nxg5 e5 5. Ne4 d5 6. Ng3 exd4 7. Qxd4 Nc6 8.
Qa4 Qf6 9. Nc3 Bb4 10. Rd1 b5 11. Qxb5 Bxc3+ 12. bxc3 Qxc3+ 13. Rd2 Rb8 0-1

[Event "QA-ANNIV-05"]
[Site "http://www.queenalice.com/game.php?id=654492"]
[Date "2009.9.18"]
[Round "2"]
[White "BRUTUS"]
[Black "volga1"]
[Result "1-0"]
[WhiteElo "2400"]
[BlackElo "1892"]

1. e4 g6 2. d4 Bg7 3. Nc3 d6 4. Be3 Nd7 5. Qd2 h6 6. Nf3 e6 7. Bd3 Ne7 8. O-O a6
9. Ne2 b6 10. Rad1 Bb7 11. c4 c6 12. Bc2 Qc7 13. Bf4 g5 14. Bg3 Nf6 15. c5 d5
16. Bxc7 bxc5 17. dxc5 O-O 18. e5 Nd7 19. h4 a5 20. hxg5 h5 21. Bd6 Rfe8 22. Ng3
Ng6 23. Nxh5 1-0

[Event "Let's Play Chess!"]
[Site "http://www.queenalice.com/game.php?id=687349"]
[Date "2009.11.23"]
[Round "-"]
[White "RafaelCabral"]
[Black "BRUTUS"]
[Result "0-1"]
[WhiteElo "2269"]
[BlackElo "2402"]

1. d4 Nf6 2. c4 c5 3. Nf3 e6 4. d5 b5 5. dxe6 fxe6 6. cxb5 a6 7. e3 Be7 8. Nc3
O-O 9. e4 Bb7 10. Qc2 axb5 11. e5 Nd5 12. Bd3 Kh8 13. Bxh7 Nxc3 14. bxc3 Ra4 15.
Be3 Rg4 16. Kf1 Qe8 17. Bd3 Qh5 18. Be2 Rxg2 19. Kxg2 Rxf3 20. Kf1 Qh3+ 0-1

[Event "QA-ANNIV-05"]
[Site "http://www.queenalice.com/game.php?id=723851"]
[Date "2010.2.1"]
[Round "3"]
[White "Canaye"]
[Black "BRUTUS"]
[Result "0-1"]
[WhiteElo "1943"]
[BlackElo "2401"]

1. d4 d5 2. c4 dxc4 3. Nc3 c6 4. d5 Nf6 5. e4 b5 6. Bg5 Bb7 7. Bxf6 exf6 8. dxc6
Nxc6 9. Nxb5 Qb6 10. Bxc4 Rd8 11. Qa4 a6 12. Nc3 Qxb2 13. Bxf7+ Kxf7 14. Qc4+
Kg6 15. Rb1 Qd2+ 16. Kf1 Na5 17. Qc7 Qd3+ 18. Ke1 Bb4 19. Rxb4 Qd2+ 20. Kf1 Qc1+
21. Ke2 Rd2+ 22. Kf3 Rd3+ 23. Kg4 Qg5# 0-1

[Event "QA-ANNIV-05"]
[Site "http://www.queenalice.com/game.php?id=759010"]
[Date "2010.4.10"]
[Round "4"]
[White "BRUTUS"]
[Black "Buuuu"]
[Result "1-0"]
[WhiteElo "2408"]
[BlackElo "2126"]

1. e4 c6 2. c4 d5 3. cxd5 cxd5 4. exd5 Nf6 5. Nc3 g6 6. Bc4 Bg7 7. Nf3 O-O 8.
O-O Nbd7 9. d3 a6 10. a4 b6 11. Re1 Bb7 12. Qe2 Re8 13. d4 Qc7 14. b3 Qd6 15.
Ne5 Nxd5 16. Nxf7 Kxf7 17. Ba3 Qf6 18. Nxd5 Qg5 19. Qe6+ Kf8 20. Ne3 1-0

[Event "QA-ANNIV-06"]
[Site "http://www.queenalice.com/game.php?id=791080"]
[Date "2010.6.16"]
[Round "1"]
[White "abh"]
[Black "BRUTUS"]
[Result "0-1"]
[WhiteElo "2045"]
[BlackElo "2410"]

1. d4 Nf6 2. c4 c5 3. d5 b5 4. Nf3 g6 5. Qc2 b4 6. e4 Bg7 7. Nbd2 d6 8. g3 a5 9.
a4 bxa3 10. Rxa3 O-O 11. Bg2 Na6 12. O-O Nb4 13. Qb1 Re8 14. Nb3 e6 15. e5 dxe5
16. dxe6 Bxe6 17. Nxc5 Bf5 18. Nd3 Bxd3 19. Rxd3 Qxd3 20. Qxd3 Nxd3 21. Nxe5
Nxe5 22. Bxa8 Rxa8 23. b3 Rb8 24. Bd2 Nf3+ 0-1

[Event "QA-ANNIV-05"]
[Site "http://www.queenalice.com/game.php?id=793780"]
[Date "2010.6.23"]
[Round "5"]
[White "BRUTUS"]
[Black "Tsol"]
[Result "1-0"]
[WhiteElo "2412"]
[BlackElo "2544"]

1. e4 e5 2. Bc4 Bc5 3. Nc3 Nf6 4. d3 Nc6 5. Nf3 h6 6. O-O d6 7. Na4 Bb6 8. Nxb6
axb6 9. a4 Bg4 10. c3 Qd7 11. h3 Bh5 12. Kh2 O-O 13. g4 Bg6 14. g5 hxg5 15. Bxg5
d5 16. exd5 Nxd5 17. Nh4 Bh7 18. Rg1 Nce7 19. d4 f6 20. Bh6 Rf7 21. Qh5 Raf8 22.
Rg4 f5 23. Rg3 Kh8 24. Bg5 Nf6 25. Bxf6 Rxf6 26. dxe5 Rh6 27. Qg5 Nc6 28. Rd1
Qe7 29. Qxe7 Nxe7 30. Nf3 f4 31. Rgg1 Bf5 32. Ng5 Rc6 33. Rd4 Bc8 34. Nf7+ Kg8
35. Rxf4 g6 36. Ng5+ Kg7 37. Rh4 Rxc4 38. Rxc4 Rxf2+ 39. Rg2 Rxg2+ 40. Kxg2 c5
41. Rh4 Bd7 42. Kf2 Bc6 43. Rh7+ Kf8 44. Rh8+ Kg7 45. Rb8 Kh6 46. Nf7+ Kh7 47.
Nd8 Be4 48. h4 Bh1 49. Kg3 Nf5+ 50. Kf4 Nxh4 51. Nxb7 Bc6 52. Kg5 Nf3+ 53. Kf6
Nh2 54. e6 Ng4+ 55. Kg5 Nf2 56. Rc8 Nh3+ 57. Kh4 1-0

[Event "QA-ANNIV-06"]
[Site "http://www.queenalice.com/game.php?id=837033"]
[Date "2010.9.23"]
[Round "2"]
[White "BRUTUS"]
[Black "McKubik"]
[Result "1-0"]
[WhiteElo "2411"]
[BlackElo "1382"]

1. e4 e5 2. Nf3 Nc6 3. Bc4 Nf6 4. Ng5 Qe7 5. Bxf7+ Kd8 6. Bb3 Ng4 7. Qxg4 d6 8.
Qg3 h6 9. Nf7+ Ke8 10. Nxh8 Qg5 11. Qxg5 hxg5 12. Nc3 Bg4 13. f3 Bh5 14. g4 Bxg4
15. fxg4 Be7 16. O-O Kd7 17. Ng6 Bf6 18. Nd5 Re8 19. Nxf6+ Kd8 20. Nxe8 Kxe8 21.
Be6 1-0

[Event "QA-ANNIV-05"]
[Site "http://www.queenalice.com/game.php?id=841356"]
[Date "2010.10.3"]
[Round "6"]
[White "PowerGuido"]
[Black "BRUTUS"]
[Result "0-1"]
[WhiteElo "2520"]
[BlackElo "2423"]

1. c4 e5 2. Nc3 f5 3. g3 Nf6 4. Bg2 Nc6 5. e3 g6 6. Nge2 Bg7 7. d3 O-O 8. O-O d6
9. Qb3 Qd7 10. h3 Qf7 11. Bd2 e4 12. Nd5 Ne5 13. Nef4 g5 14. d4 Nxd5 15. dxe5
gxf4 16. cxd5 f3 17. e6 Qe7 18. Bh1 c6 19. dxc6 bxc6 20. Rfc1 Bxe6 21. Qa3 Rfb8
22. Rab1 c5 23. Bc3 Bxc3 24. Rxc3 a5 25. Rc2 a4 26. Rd2 Bc4 27. Kh2 d5 28. Rbd1
Ra6 29. Rc1 Rbb6 30. Kg1 Rh6 31. Rxc4 dxc4 32. Qc3 Rxh3 0-1

[Event "QA-ANNIV-06"]
[Site "http://www.queenalice.com/game.php?id=885074"]
[Date "2011.1.12"]
[Round "3"]
[White "brancao"]
[Black "BRUTUS"]
[Result "0-1"]
[WhiteElo "1915"]
[BlackElo "2433"]

1. e4 d5 2. exd5 Qxd5 3. Nc3 Qa5 4. d4 Nf6 5. Nf3 Nc6 6. Bd2 a6 7. Bc4 Qh5 8.
Bf4 Bg4 9. Bxc7 Rc8 10. Bg3 Bxf3 11. Qxf3 Qxf3 12. gxf3 Nxd4 13. Bd3 Nxf3+ 14.
Ke2 Nd4+ 15. Kf1 g6 16. Be5 Nc6 17. Bxf6 exf6 18. Nd5 f5 19. Re1+ Be7 20. h4 h5
21. a3 Kf8 22. b4 Bd6 23. c4 Kg7 0-1

[Event "QA-ANNIV-05"]
[Site "http://www.queenalice.com/game.php?id=885941"]
[Date "2011.1.13"]
[Round "7"]
[White "BRUTUS"]
[Black "ads"]
[Result "1/2-1/2"]
[WhiteElo "2434"]
[BlackElo "2590"]

1. Nf3 Nf6 2. g3 g6 3. Bg2 Bg7 4. c4 O-O 5. O-O c5 6. Nc3 Nc6 7. d3 d6 8. a3 a6
9. Rb1 Rb8 10. b4 cxb4 11. axb4 b5 12. cxb5 axb5 13. Bd2 Bd7 14. Qc2 Qc7 15.
Rfc1 Rfc8 16. h3 d5 17. e4 dxe4 18. dxe4 e5 19. Qd3 Qb7 20. Bg5 Be6 21. Nd5 Ne8
22. Be3 h6 23. Nd2 Nf6 24. Qe2 Bxd5 25. exd5 Nd4 26. Bxd4 exd4 27. Nb3 Nxd5 28.
Qg4 Rd8 29. Rc5 Nf6 30. Bxb7 Nxg4 31. Na5 1/2-1/2

[Event "QA-ANNIV-06"]
[Site "http://www.queenalice.com/game.php?id=924395"]
[Date "2011.4.10"]
[Round "4"]
[White "BRUTUS"]
[Black "Heike67"]
[Result "1-0"]
[WhiteElo "2437"]
[BlackElo "2405"]

1. d4 Nf6 2. c4 e6 3. Nc3 Bb4 4. e3 O-O 5. Bd3 c5 6. Nf3 d5 7. O-O Nc6 8. a3
Bxc3 9. bxc3 Qc7 10. h3 dxc4 11. Bxc4 e5 12. Bb2 Bf5 13. Qe2 e4 14. Nd2 Bg6 15.
Nb3 b6 16. a4 cxd4 17. cxd4 Nb4 18. Nd2 Rfc8 19. Qd1 Nd3 20. Qb3 Nxb2 21. Qxb2
Bf5 22. Ba6 Rd8 23. Rfc1 Qe7 24. a5 Rab8 25. axb6 Rxb6 26. Qa2 Rdb8 27. Qa5 Be6
28. Qe5 Qd6 29. Nc4 Qxe5 30. dxe5 Bxc4 31. Bxc4 Nd7 32. Rxa7 Nxe5 33. Bd5 Rb1
34. Rxb1 Rxb1+ 35. Kh2 Kf8 36. Bxe4 Rb2 37. Kg3 h5 38. Ra5 f6 39. Ra8+ Ke7 40.
Ra7+ Kd6 41. Ra6+ Kc5 42. h4 Rb4 43. Bf3 Nxf3 44. gxf3 Rb1 45. Ra5+ Kc6 46. Rxh5
Kd6 47. Ra5 Ke6 48. h5 Rc1 49. f4 f5 50. Ra6+ Kf7 51. Kh4 Rg1 52. Rg6 1-0

[Event "QA-ANNIV-05"]
[Site "http://www.queenalice.com/game.php?id=953547"]
[Date "2011.6.24"]
[Round "9"]
[White "BRUTUS"]
[Black "KHIM"]
[Result "1-0"]
[WhiteElo "2443"]
[BlackElo "2468"]

1. c4 e5 2. Nc3 Nc6 3. g3 g6 4. Bg2 Bg7 5. d3 d6 6. Rb1 Bd7 7. b4 a6 8. Nf3 Nf6
9. O-O O-O 10. a4 Qc8 11. Re1 Re8 12. Ng5 Ne7 13. Nge4 Bc6 14. b5 axb5 15. axb5
Bd7 16. Nxf6+ Bxf6 17. b6 Bg7 18. bxc7 Bc6 19. Nb5 Qe6 20. Qb3 Nf5 21. Bg5 1-0

[Event "QA-ANNIV-06"]
[Site "http://www.queenalice.com/game.php?id=967017"]
[Date "2011.7.31"]
[Round "5"]
[White "BRUTUS"]
[Black "robledo"]
[Result "1-0"]
[WhiteElo "2452"]
[BlackElo "2460"]

1. e4 c5 2. Nf3 d6 3. d4 cxd4 4. Nxd4 Nf6 5. Nc3 a6 6. Bg5 e6 7. Qf3 h6 8. Bd2
Bd7 9. Bd3 Qb6 10. Nb3 Nc6 11. O-O Ne5 12. Qg3 h5 13. Be3 Qc7 14. Bg5 b5 15. h3
Rb8 16. f4 Nxd3 17. cxd3 b4 18. Ne2 Qb6+ 19. Kh1 Rc8 20. Nbd4 Rc5 21. Bh4 Rh6
22. a3 a5 23. Qf3 b3 24. a4 Be7 25. Ra3 Nxe4 26. Rxb3 Qc7 27. Be1 Nf6 28. Qa8+
Qd8 29. Qa7 Rc7 30. Qxa5 Nd5 31. Bd2 Rf6 32. Ng3 Rc8 33. Qxd8+ Rxd8 34. a5 e5
35. Nb5 Nxf4 36. Ne4 Rg6 37. Nc7+ Kf8 38. a6 Ne6 39. Nxe6+ Bxe6 40. Rb6 d5 41.
Ng5 Ke8 42. a7 d4 43. Rb5 Bxg5 44. Ba5 Ra8 45. Rb8+ Kd7 46. Rxa8 Bd5 47. Rxf7+
1-0

[Event "QA-ANNIV-05"]
[Site "http://www.queenalice.com/game.php?id=983087"]
[Date "2011.9.9"]
[Round "10"]
[White "AndyWo"]
[Black "BRUTUS"]
[Result "1/2-1/2"]
[WhiteElo "2626"]
[BlackElo "2460"]

1. e4 e5 2. Nf3 Nf6 3. Nxe5 d6 4. Nf3 Nxe4 5. d4 d5 6. Bd3 Nc6 7. O-O Be7 8. c4
Nb4 9. Be2 O-O 10. Nc3 Bf5 11. a3 Nxc3 12. bxc3 Nc6 13. Re1 Bf6 14. Bf4 Re8 15.
cxd5 Qxd5 16. Bxc7 Rac8 17. Bf4 Na5 18. Qa4 Red8 19. Bf1 h6 20. Rac1 Bd7 21. Qb4
Nc4 22. a4 a5 23. Qb3 Qc6 24. Ra1 Be6 25. Qb1 Nd6 26. Rc1 Bc4 27. Nd2 Bxf1 28.
Kxf1 Qa6+ 29. Kg1 Nc4 30. Ne4 Be7 31. Qd3 Qc6 32. Re1 Nb6 33. Qd1 Nd5 34. Bd2 b6
35. Rb1 Qc4 36. h4 Rc6 37. h5 Qd3 38. f3 f5 39. Nf2 Qc4 40. Qb3 Bh4 1/2-1/2

[Event "AUTO-ELITE-1334"]
[Site "http://www.queenalice.com/game.php?id=1283155"]
[Date "2014.5.21"]
[Round "1"]
[White "BRUTUS"]
[Black "BEBADO"]
[Result "1-0"]
[WhiteElo "2466"]
[BlackElo "2238"]

1. d4 d5 2. Bf4 Nf6 3. e3 c5 4. Nf3 Nc6 5. Nbd2 e6 6. c3 Bd6 7. dxc5 Bxc5 8. Bd3
O-O 9. O-O Qe7 10. e4 e5 11. exd5 Nxd5 12. Bg3 Nf4 13. Be4 f6 14. b4 Bb6 15.
Bxf4 exf4 16. Re1 Qc7 17. a4 a5 18. Nc4 axb4 19. Nxb6 Qxb6 20. Qd5+ Kh8 21. Qh5
f5 22. Ng5 h6 23. Qg6 1-0

[Event "AUTO-ELITE-1334"]
[Site "http://www.queenalice.com/game.php?id=1283156"]
[Date "2014.5.21"]
[Round "1"]
[White "BEBADO"]
[Black "BRUTUS"]
[Result "0-1"]
[WhiteElo "2222"]
[BlackElo "2463"]

1. e4 c5 2. Nf3 d6 3. d4 Nf6 4. Nc3 cxd4 5. Nxd4 a6 6. Be3 Ng4 7. Bg5 h6 8. Bh4
g5 9. Bg3 Bg7 10. Be2 h5 11. Nf5 Bxf5 12. exf5 Nh6 13. Bxh5 Nxf5 14. O-O Nd7 15.
Bf3 Nxg3 16. hxg3 Ne5 17. Qd5 g4 18. Be4 Rb8 19. Rad1 e6 20. Qb3 b5 21. Rfe1 Kf8
22. Ne2 d5 0-1

[Event "AUTO-ELITE-1334"]
[Site "http://www.queenalice.com/game.php?id=1283157"]
[Date "2014.5.21"]
[Round "1"]
[White "BRUTUS"]
[Black "patoche"]
[Result "1/2-1/2"]
[WhiteElo "2469"]
[BlackElo "2528"]

1. c4 Nc6 2. d4 Nf6 3. Nc3 e5 4. d5 Ne7 5. Nf3 Ng6 6. h4 h5 7. a3 d6 8. Ng5 Be7
9. g3 a5 10. e4 O-O 11. Be2 Ng4 12. O-O c6 13. Qb3 Qc7 14. f3 Nf6 15. Be3 Bd7
16. Kg2 c5 17. Rh1 Qc8 18. Raf1 a4 19. Qc2 b6 20. Bd2 Qa6 21. Re1 Qb7 1/2-1/2

[Event "AUTO-ELITE-1334"]
[Site "http://www.queenalice.com/game.php?id=1283158"]
[Date "2014.5.21"]
[Round "1"]
[White "patoche"]
[Black "BRUTUS"]
[Result "1/2-1/2"]
[WhiteElo "2527"]
[BlackElo "2470"]

1. e4 e5 2. Bc4 Nf6 3. Qe2 Bc5 4. Nf3 O-O 5. O-O c6 6. d3 d5 7. Bb3 h6 8. h3 Re8
9. Nc3 Bb6 10. Re1 d4 11. Nb1 Bc7 12. c3 c5 13. a4 Nc6 14. Na3 a6 15. Qc2 Be6
16. Bxe6 Rxe6 17. Bd2 Nd7 18. Nc4 b6 19. Qd1 Nf8 20. Qe2 Rb8 1/2-1/2

[Event "AUTO-ELITE-1334"]
[Site "http://www.queenalice.com/game.php?id=1376747"]
[Date "2015.8.10"]
[Round "2"]
[White "BRUTUS"]
[Black "Suso71"]
[Result "1/2-1/2"]
[WhiteElo "2469"]
[BlackElo "2776"]

1. c4 c6 2. Nf3 d5 3. e3 Nf6 4. Nc3 a6 5. d4 Bf5 6. Be2 e6 7. Nh4 Bg6 8. Nxg6
hxg6 9. h3 dxc4 10. Bxc4 Qc7 11. e4 b5 12. Be2 b4 13. e5 bxc3 14. exf6 cxb2 15.
Bxb2 Qa5+ 16. Kf1 gxf6 17. Qc2 Ba3 18. Bxa3 Qxa3 19. h4 Ke7 20. Rh3 Qd6 21. Rc1
Nd7 22. Qxc6 f5 23. Qxd6+ Kxd6 24. h5 gxh5 25. Rhc3 h4 26. Rc7 Ke7 27. d5 Rad8
28. dxe6 fxe6 29. Rd1 h3 30. gxh3 Rxh3 31. Ke1 Rh1+ 32. Bf1 e5 33. Ra7 e4 34.
Ke2 f4 35. f3 Ke8 36. Rxa6 Ne5 37. Rxd8+ Kxd8 38. fxe4 Rh2+ 39. Ke1 Ke7 40. a4
Nf3+ 41. Kd1 Rd2+ 42. Kc1 Rd4 43. Kc2 Rxe4 44. a5 Re5 45. Kc3 Re3+ 46. Kb4 Re4+
47. Kc5 Re5+ 48. Kb4 Re4+ 49. Kc5 Re5+ 50. Kb4 Re4+ 1/2-1/2

[Event "AUTO-ELITE-1334"]
[Site "http://www.queenalice.com/game.php?id=1376748"]
[Date "2015.8.10"]
[Round "2"]
[White "Suso71"]
[Black "BRUTUS"]
[Result "1-0"]
[WhiteElo "2762"]
[BlackElo "2471"]

1. e4 c6 2. d4 d5 3. exd5 cxd5 4. c4 Nf6 5. Nc3 Nc6 6. Bf4 g6 7. c5 Bg7 8. Bb5
O-O 9. Nge2 Ne4 10. O-O Nxc3 11. bxc3 Bd7 12. Nc1 Re8 13. Rb1 e5 14. dxe5 1-0